000 00424nam a2200181Ia 4500
008 170918s9999 xx 000 0 und d
020 _a9780099520269
050 _bF648he 2010
100 _aFlynn, Katie
245 _aHeading home /
245 _cby Katie Flynn.
260 _aGreat Britain :
260 _bArrow Books,
260 _c2010
300 _a408 pages :
300 _billustrations ;
300 _c19cm.
999 _c344040
_d344040